[Event "56th TCh-DEN Ex 2017-18"]
[Site "Denmark DEN"]
[Date "2018.02.11"]
[Round "7.4"]
[Board "4"]
[White "Kristensen, Kaare Hove"]
[Black "Jacobsen, Mikkel Manosri"]
[Result "1-0"]
[WhiteTitle "FM"]
[BlackTitle "FM"]
[WhiteElo "2318"]
[BlackElo "2162"]
[WhiteTeam "Nordkalotten"]
[BlackTeam "BMS"]
[WhiteFideId "1400940"]
[BlackFideId "1444514"]
[EventDate "2017.11.18"]

1. d4 Nf6 2. Nf3 b6 3. e3 Bb7 4. Bd3 c5 5. O-O g6 6. c4 Bg7 7. Nc3 cxd4 8. exd4
O-O 9. Re1 d5 10. Bg5 Nc6 11. Bxf6 Bxf6 12. Nxd5 Bg7 13. Be4 Rb8 14. Qa4 Nxd4
15. Nxd4 e6 16. Rad1 exd5 17. Bxd5 Bxd5 18. cxd5 b5 19. Qb3 Rb7 20. g3 Bf6 21.
d6 Rb6 22. d7 Qxd7 23. Ne6 Rxe6 24. Rxd7 Rxe1+ 25. Kg2 Re2 26. Qxb5 Rxb2 27. Qd5
a6 28. Rd6 Rb5 29. Qe4 Re5 30. Qf3 Rf5 31. Qxf5 gxf5 32. Rxf6 Kg7 33. Rxa6 Rb8
34. Kf3 f6 35. h4 Kg6 36. Ra7 h6 37. a4 Rb3+ 38. Ke2 Rb2+ 39. Ke3 Rb3+ 40. Ke2
Rb2+ 41. Kf3 Rb3+ 42. Kg2 Ra3 43. a5 Kh5 44. a6 f4 45. Ra8 fxg3 46. fxg3 f5 47.
a7 Ra2+ 48. Kf3 Ra3+ 49. Kf4 Ra4+ 50. Kxf5 Rxa7 51. g4+ 1-0

[Event "56th TCh-DEN Ex 2017-18"]
[Site "Denmark DEN"]
[Date "2018.02.11"]
[Round "7.4"]
[Board "5"]
[White "Nielsen, Thomas Bach2"]
[Black "Nielsen, Lars Aaes"]
[Result "1-0"]
[BlackTitle "FM"]
[WhiteElo "2146"]
[BlackElo "2245"]
[WhiteTeam "BMS"]
[BlackTeam "Nordkalotten"]
[WhiteFideId "1401785"]
[BlackFideId "1401726"]
[EventDate "2017.11.18"]

1. f4 c5 2. Nf3 Nc6 3. g3 g6 4. Bg2 Bg7 5. O-O Nf6 6. d3 d5 7. c3 O-O 8. Qe1 Re8
9. e4 e5 10. Nbd2 exf4 11. gxf4 c4 12. dxc4 dxe4 13. Ng5 h6 14. Nh3 Bf5 15. Nb3
Qd3 16. Nf2 Qxc4 17. Be3 Rad8 18. Nc5 Na5 19. b3 Qd5 20. c4 Nxc4 21. bxc4 Qc6
22. Rd1 Rxd1 23. Qxd1 b6 24. Qa4 Rc8 25. Qxc6 Rxc6 26. Nb3 Rxc4 27. Rc1 Ra4 28.
Rc2 Nd5 29. Re2 Nc3 30. Rd2 Be6 31. Nd4 Bxd4 32. Bxd4 Rxd4 33. Rxd4 Ne2+ 34. Kf1
Nxd4 35. Nxe4 Bxa2 36. Kf2 Be6 37. Ke3 Nf5+ 38. Kd3 Kg7 39. Kc3 Ne3 40. Bf3 Nd5+ 1-0

[Event "56th TCh-DEN Ex 2017-18"]
[Site "Denmark DEN"]
[Date "2018.02.11"]
[Round "7.4"]
[Board "6"]
[White "Pedersen, Daniel Vesterbaek"]
[Black "Haubro, Sigfred"]
[Result "0-1"]
[WhiteTitle "FM"]
[WhiteElo "2200"]
[BlackElo "2160"]
[WhiteTeam "Nordkalotten"]
[BlackTeam "BMS"]
[WhiteFideId "1402161"]
[BlackFideId "1405420"]
[EventDate "2017.11.18"]

1. e4 d5 2. exd5 Qxd5 3. Nc3 Qa5 4. d4 Nf6 5. Bc4 c6 6. Bd2 Qc7 7. Qe2 Bf5 8.
O-O-O e6 9. Nf3 Be7 10. Ne5 b5 11. Bb3 a5 12. a4 b4 13. Nb1 Be4 14. f3 Bd5 15.
Bc4 Bxc4 16. Qxc4 Nd5 17. b3 O-O 18. g4 c5 19. g5 Nc6 20. Nxc6 Qxc6 21. h4 Rac8
22. h5 cxd4 23. Qd3 f5 24. gxf6 Bxf6 25. Rh2 Be5 26. Rg2 0-1

[Event "56th TCh-DEN Ex 2017-18"]
[Site "Denmark DEN"]
[Date "2018.02.11"]
[Round "7.4"]
[Board "7"]
[White "Vesterli, Michael E."]
[Black "Ejsing, Esben"]
[Result "1-0"]
[WhiteElo "2095"]
[BlackElo "2161"]
[WhiteTeam "BMS"]
[BlackTeam "Nordkalotten"]
[WhiteFideId "1417339"]
[BlackFideId "1418572"]
[EventDate "2017.11.18"]

1. Nf3 c5 2. g3 Nc6 3. Bg2 g6 4. d3 Bg7 5. O-O Nf6 6. e4 O-O 7. Nbd2 d6 8. a4
Qc7 9. c3 b6 10. Nc4 Bb7 11. Bf4 e5 12. Bd2 Rad8 13. b4 cxb4 14. cxb4 d5 15.
exd5 Nxd5 16. b5 Ncb4 17. Qb3 a5 18. Rac1 Qb8 19. Rfd1 Bc8 20. Be1 Rfe8 21. Nfd2
Bh6 22. Rb1 Bg4 23. f3 Be6 24. Ne4 f5 25. Bxb4 axb4 26. Nf2 Bf8 27. Re1 Nc3 28.
Rb2 Bc5 29. Qc2 Bf7 30. Kh1 Re7 31. Nh3 Bd5 32. f4 e4 33. Ne5 Qa8 34. dxe4 fxe4
35. Nf2 e3 36. Nfg4 Ne4 37. Nxe3 Bxe3 38. Rxe3 Nf2+ 39. Qxf2 Bxg2+ 40. Kg1 Bh3
41. Qc2 Rd4 42. Re1 Kg7 43. Rc1 Bf5 44. Qb3 Qe4 45. Rf2 Be6 46. Qb2 Kh6 47. Re2
Qd5 48. Rce1 Qc5 49. Qc1 Bc4 50. Ng4+ Kh5 51. Nf6+ Kh6 52. Ng4+ Kh5 53. Re5+
Rxe5 54. Rxe5+ Kxg4 55. Rxc5 bxc5 56. b6 Ba6 57. Qxc5 Rc4 58. Qe3 Rc3 59. Qe6+
Kf3 60. Qd5+ Kg4 61. b7 Re3 62. b8=Q Re1+ 63. Kf2 Re2+ 64. Kf1 Re5+ 65. Qdb5
Bxb5+ 66. axb5 Rc5 67. b6 b3 68. b7 Kf3 69. Qc8 b2 1-0

[Event "56th TCh-DEN Ex 2017-18"]
[Site "Denmark DEN"]
[Date "2018.02.11"]
[Round "7.4"]
[Board "8"]
[White "Noer, Martin Stampe"]
[Black "Christensen, Casper"]
[Result "1/2-1/2"]
[WhiteElo "1864"]
[BlackElo "2042"]
[WhiteTeam "Nordkalotten"]
[BlackTeam "BMS"]
[WhiteFideId "1412221"]
[BlackFideId "1415930"]
[EventDate "2017.11.18"]

1. d4 Nf6 2. Bg5 g6 3. Bxf6 exf6 4. e3 Bg7 5. Nf3 O-O 6. c4 d6 7. Bd3 f5 8. O-O
Nd7 9. Nc3 c6 10. Re1 Nf6 11. Rc1 Re8 12. Qc2 Bh6 13. g3 Qe7 14. b4 Ne4 15. Nd1
c5 16. bxc5 dxc5 17. d5 Bd7 18. Rb1 1/2-1/2

[Event "56th TCh-DEN Ex 2017-18"]
[Site "Denmark DEN"]
[Date "2018.02.11"]
[Round "7.5"]
[Board "1"]
[White "Jahncke, Giso"]
[Black "Teplyi, Igor"]
[Result "1/2-1/2"]
[WhiteTitle "FM"]
[BlackTitle "IM"]
[WhiteElo "2352"]
[BlackElo "2412"]
[WhiteTeam "BOV"]
[BlackTeam "Nordre"]
[WhiteFideId "24608289"]
[BlackFideId "1413767"]
[EventDate "2017.11.18"]

1. Nf3 c5 2. c4 Nc6 3. d4 cxd4 4. Nxd4 Nf6 5. Nc3 e6 6. Bf4 d5 7. e3 Bb4 8. Be2
O-O 9. O-O Bxc3 10. bxc3 Bd7 11. Nb5 e5 12. Bg5 dxc4 13. Bxf6 gxf6 14. Nd6 Be6
15. Bxc4 Qe7 16. Bxe6 fxe6 17. Ne4 f5 18. Ng3 Rad8 19. Qh5 Qf7 20. Qh4 Qe7 21.
Qc4 Kh8 22. Rad1 Rd7 23. Rxd7 Qxd7 24. Qh4 1/2-1/2

[Event "56th TCh-DEN Ex 2017-18"]
[Site "Denmark DEN"]
[Date "2018.02.11"]
[Round "7.5"]
[Board "2"]
[White "Petersen, Tom Petri"]
[Black "Krause, Jonah"]
[Result "1/2-1/2"]
[WhiteTitle "FM"]
[BlackTitle "FM"]
[WhiteElo "2293"]
[BlackElo "2366"]
[WhiteTeam "Nordre"]
[BlackTeam "BOV"]
[WhiteFideId "1403486"]
[BlackFideId "12907910"]
[EventDate "2017.11.18"]

1. Nf3 Nf6 2. g3 g6 3. Bg2 Bg7 4. O-O O-O 5. d4 d6 6. Nbd2 Nbd7 7. e4 e5 8. c3
Re8 9. Re1 b6 10. a4 a6 11. dxe5 dxe5 12. b4 a5 13. Qb3 Bb7 14. Bf1 Nh5 15. Bb5
c6 16. Bf1 Qf6 17. h3 Reb8 18. Nh2 Qe7 19. Ng4 Nhf6 20. Nxf6+ Bxf6 21. Nc4 Qe6
22. Rb1 Ba6 23. Be3 axb4 24. cxb4 b5 25. axb5 Bxb5 26. Qc3 Be7 27. h4 Ra4 28.
Rec1 Bf8 29. Kh2 Nf6 30. Bh3 Qxc4 31. Qxc4 Bxc4 32. Rxc4 Raxb4 33. Rbxb4 Rxb4
34. Rxc6 Nxe4 35. Bg2 Kg7 36. h5 f5 37. h6+ Kg8 38. Rc8 Kf7 39. Rc7+ Kg8 40. Rc8
Kf7 41. Rc7+ Kg8 42. Bf1 Rb8 43. Bc4+ Kh8 44. f3 Nd6 45. Bd5 f4 46. gxf4 Bxh6
47. fxe5 Nb5 48. Bxh6 Nxc7 49. Bf7 Rb6 50. f4 Ne6 51. Kg3 Nd4 52. Kg4 Nf5 53.
Bf8 Rb8 54. Bc5 Kg7 55. Be6 Rb5 56. Ba3 Rb1 57. Bc5 Rc1 58. Ba7 h5+ 59. Kf3 Ra1
60. Bf2 Ra3+ 61. Ke4 Ng3+ 62. Kd5 Ne2 63. f5 gxf5 64. Kd6 Rd3+ 65. Ke7 Kg6 66.
Bh4 Nf4 67. Bf7+ Kh6 68. Kf6 Nd5+ 69. Bxd5 Rxd5 70. e6 Ra5 71. e7 Ra8 72. Bg5+
Kh7 73. Kf7 Rg8 74. e8=Q Rxe8 75. Kxe8 Kg6 76. Bf4 h4 77. Ke7 Kh5 78. Kf6 Kg4
79. Ke5 h3 80. Bh2 Kg5 81. Kd4 Kg4 82. Ke3 f4+ 83. Bxf4 h2 84. Bxh2 1/2-1/2

[Event "56th TCh-DEN Ex 2017-18"]
[Site "Denmark DEN"]
[Date "2018.02.11"]
[Round "7.5"]
[Board "3"]
[White "Schwarz, Frank"]
[Black "Olsen, Filip Boe"]
[Result "0-1"]
[BlackTitle "FM"]
[WhiteElo "2237"]
[BlackElo "2267"]
[WhiteTeam "BOV"]
[BlackTeam "Nordre"]
[WhiteFideId "4658035"]
[BlackFideId "1440640"]
[EventDate "2017.11.18"]

1. c4 c6 2. g3 d5 3. Nf3 Nf6 4. Bg2 dxc4 5. O-O Nbd7 6. Na3 Nb6 7. Ne5 Be6 8.
Qc2 Qd4 9. Nxc6 bxc6 10. Bxc6+ Nfd7 11. Nb5 Qe5 12. Bxa8 Nxa8 13. a4 Nc5 14. Ra3
Bh3 15. Qxc4 Nb6 16. Qh4 Bxf1 17. Kxf1 Ncxa4 18. Nc3 Nxc3 19. bxc3 a5 20. c4 e6
21. d4 Qc7 22. c5 Nc4 23. Rc3 Qb7 24. f3 Qb4 25. Rc2 f5 26. Bg5 a4 27. Qf4 h6
28. Qc1 Na3 29. Rb2 Qc4 30. Rb8+ Kf7 31. Qxc4 Nxc4 32. Bc1 Na5 33. Ra8 Nc6 34.
e3 Rg8 35. Ra6 Nb8 36. Rxa4 Be7 37. Ke2 Rd8 38. Ra7 Nc6 39. Rc7 Nb4 40. Ba3 Nd5
41. Ra7 Ke8 42. Bc1 e5 43. Bd2 exd4 44. exd4 Bf6 45. Ra4 Nc7 46. Be3 Ne6 47. c6
Nxd4+ 48. Bxd4 Rxd4 49. Ra8+ Rd8 50. Ra5 f4 51. gxf4 Rc8 52. Ra6 Ke7 53. Kf2 Kd6
54. Kg3 Rxc6 55. Ra5 Ke6 56. Kg4 Rd6 57. Rb5 Rd2 58. Kg3 Rd5 59. Rb4 Kf5 60. Ra4
h5 61. h4 Rd1 62. Ra5+ Kg6 63. f5+ Kf7 64. Ra7+ Kf8 65. Ra8+ Rd8 66. Ra5 Rd4 67.
Ra8+ Kf7 68. Rh8 Rxh4 69. Kg2 Bg5 70. Kg3 Ke7 71. Rg8 Kf6 72. Rf8+ Ke5 73. Rf7
Rh1 74. Kg2 Ra1 75. Rxg7 Kxf5 76. Rf7+ Bf6 77. Rf8 Ra2+ 78. Kh3 Kg6 79. Rg8+ Kh6
80. Rg2 Ra3 81. Rf2 Bd4 82. Rf1 Kg5 83. Kg3 Be3 84. Rb1 Bf4+ 85. Kg2 Ra2+ 86.
Kh1 Kh4 87. Rd1 Kh3 88. Re1 Be3 0-1

[Event "56th TCh-DEN Ex 2017-18"]
[Site "Denmark DEN"]
[Date "2018.02.11"]
[Round "7.5"]
[Board "4"]
[White "Veng, Johnni"]
[Black "Reinecker, Kai"]
[Result "0-1"]
[WhiteTitle "FM"]
[WhiteElo "2255"]
[BlackElo "2254"]
[WhiteTeam "Nordre"]
[BlackTeam "BOV"]
[WhiteFideId "1408623"]
[BlackFideId "4663390"]
[EventDate "2017.11.18"]

1. d4 Nf6 2. Nf3 e6 3. Bf4 b6 4. e3 Bb7 5. Bd3 Be7 6. Nbd2 Nh5 7. Bg3 d6 8. e4
c5 9. c3 Nd7 10. Qe2 Qc7 11. a4 a6 12. Nc4 cxd4 13. cxd4 O-O 14. Ne3 b5 15. Nd2
g6 16. a5 Rac8 17. O-O Nxg3 18. hxg3 Qb8 19. Nb3 Qa7 20. Ng4 h5 21. Nh2 Bf6 22.
Nf3 Bg7 23. Rac1 Nf6 24. Rxc8 Rxc8 25. e5 Bxf3 26. gxf3 dxe5 27. dxe5 Nd7 28. f4
Bf8 29. Rd1 Nc5 30. Nxc5 Bxc5 31. Qf3 Qc7 32. Be4 Qxa5 33. Bb7 Rc7 34. f5 exf5
35. Bd5 Qb6 36. Kg2 Re7 37. Qe2 Bd4 38. f4 Qc5 39. Ba2 Kg7 40. Rd2 Qc6+ 41. Kh2
Ba7 42. Qd1 h4 43. Bd5 Qc5 44. Bf3 Qe3 45. Kg2 hxg3 46. Kxg3 g5 47. fxg5 Qxe5+
48. Kh3 Qf4 49. Qf1 Qxd2 0-1

[Event "56th TCh-DEN Ex 2017-18"]
[Site "Denmark DEN"]
[Date "2018.02.11"]
[Round "7.5"]
[Board "5"]
[White "Light, Bjarne"]
[Black "Sloth, Jorn"]
[Result "1/2-1/2"]
[BlackTitle "FM"]
[WhiteElo "2234"]
[BlackElo "2295"]
[WhiteTeam "BOV"]
[BlackTeam "Nordre"]
[WhiteFideId "1401360"]
[BlackFideId "1400240"]
[EventDate "2017.11.18"]

1. d4 e6 2. Bf4 d6 3. Nf3 Nf6 4. e3 Nh5 5. Bg5 Be7 6. Bxe7 Qxe7 7. c4 Nf6 8. Nc3
O-O 9. Be2 c5 10. O-O Nc6 11. a3 Rd8 12. Qc2 Bd7 13. Rfd1 Rac8 14. Rd2 cxd4 1/2-1/2

[Event "56th TCh-DEN Ex 2017-18"]
[Site "Denmark DEN"]
[Date "2018.02.11"]
[Round "7.5"]
[Board "6"]
[White "Baekgaard, Martin"]
[Black "Junge, Kai"]
[Result "0-1"]
[WhiteTitle "FM"]
[WhiteElo "2297"]
[BlackElo "2212"]
[WhiteTeam "Nordre"]
[BlackTeam "BOV"]
[WhiteFideId "1405586"]
[BlackFideId "4605454"]
[EventDate "2017.11.18"]

1. d4 Nf6 2. c4 g6 3. Nc3 Bg7 4. e4 d6 5. Nf3 O-O 6. Be2 e5 7. O-O Nbd7 8. Be3
a5 9. d5 Ng4 10. Bg5 f6 11. Bd2 Nc5 12. Ne1 f5 13. Bxg4 fxg4 14. Be3 b6 15. b3
Bd7 16. a3 h5 17. b4 axb4 18. axb4 Rxa1 19. Qxa1 Nb3 20. Qd1 Nd4 21. Nc2 Nxc2
22. Qxc2 h4 23. c5 bxc5 24. bxc5 h3 25. c6 hxg2 26. Ra1 Bc8 27. Ne2 g3 28. Nxg3
Bg4 29. Qb3 Qf6 30. Kxg2 Qf3+ 31. Kf1 Bh6 32. Ke1 Bf4 33. Qd3 Bxg3 34. hxg3 Qh1+ 0-1

[Event "56th TCh-DEN Ex 2017-18"]
[Site "Denmark DEN"]
[Date "2018.02.11"]
[Round "7.5"]
[Board "7"]
[White "Schuette, Andreas"]
[Black "Klitgaard, Thomas"]
[Result "1-0"]
[WhiteElo "2152"]
[BlackElo "2195"]
[WhiteTeam "BOV"]
[BlackTeam "Nordre"]
[WhiteFideId "4639790"]
[BlackFideId "1408267"]
[EventDate "2017.11.18"]

1. d4 d6 2. g3 c5 3. Nf3 cxd4 4. Nxd4 Bd7 5. Bg2 Nc6 6. c4 g6 7. O-O Bg7 8. Nc2
Nf6 9. Nc3 O-O 10. b3 Qa5 11. Bd2 Rfc8 12. Rb1 Rab8 13. a4 Bf5 14. e4 Be6 15.
Qe2 Nd7 16. Nd5 Qd8 17. Be3 Nc5 18. Rfd1 Bxd5 19. exd5 Ne5 20. Bd4 Ned7 21. Bxg7
Kxg7 22. Re1 Kf8 23. Qe3 Nf6 24. h3 a6 25. Nd4 Qd7 26. Rbd1 Ng8 27. Qf4 Kg7 28.
Qe3 Re8 29. Qc3 Nf6 30. Re3 e5 31. dxe6 fxe6 32. Nc2 b6 33. Qd2 Rbd8 34. Nd4 d5
35. cxd5 Nxd5 36. Ree1 e5 37. Nf3 Qf5 38. Nh4 Qf6 39. Bxd5 Nxb3 40. Qb2 Nd4 41.
Be4 b5 42. axb5 axb5 43. Rc1 Rc8 44. Kg2 1-0

[Event "56th TCh-DEN Ex 2017-18"]
[Site "Denmark DEN"]
[Date "2018.02.11"]
[Round "7.5"]
[Board "8"]
[White "Hoiberg, Nina"]
[Black "Prien, Thore"]
[Result "0-1"]
[WhiteTitle "WIM"]
[WhiteElo "2148"]
[BlackElo "2234"]
[WhiteTeam "Nordre"]
[BlackTeam "BOV"]
[WhiteFideId "1400720"]
[BlackFideId "1439871"]
[EventDate "2017.11.18"]

1. e4 e6 2. d4 d5 3. Bd3 c5 4. exd5 exd5 5. dxc5 Bxc5 6. Nc3 Nf6 7. Qe2+ Be6 8.
Nf3 O-O 9. O-O Nc6 10. Bg5 Re8 11. Qd2 h6 12. Bh4 a6 13. a3 Be7 14. Rfe1 Qd6 15.
Bg3 Qd7 16. Na4 Qd8 17. b4 Ne4 18. Bxe4 dxe4 19. Qxd8 Raxd8 20. Rxe4 Bd5 21. Re3
Bxf3 22. gxf3 Nd4 23. Ra2 Bg5 24. f4 Bf6 25. c3 Nf5 26. Rxe8+ Rxe8 27. Nc5 h5
28. f3 Re3 29. Nxb7 Rxc3 30. Nc5 a5 31. Ne4 Rc1+ 32. Kg2 Bd4 33. Bf2 axb4 34.
axb4 Rb1 35. Bxd4 Nxd4 36. Ra8+ Kh7 37. Ra7 Rb2+ 38. Kf1 Nxf3 39. Ng5+ Nxg5 40.
fxg5 Kg6 41. Rb7 Rxh2 42. b5 Rh4 43. b6 Rf4+ 44. Kg2 Rg4+ 45. Kh3 Rxg5 46. Rc7
Rb5 47. b7 Rb3+ 48. Kh2 Kf6 49. Kg2 g5 50. Rc6+ Kg7 51. Rc7 Kg6 52. Kf2 h4 53.
Kg2 f5 54. Rc6+ Kh5 55. Rc7 Kg4 56. Rc4+ f4 57. Rc7 Rb2+ 58. Kf1 Kg3 59. Ke1 h3 0-1

[Event "56th TCh-DEN Ex 2017-18"]
[Site "Denmark DEN"]
[Date "2018.03.10"]
[Round "8.1"]
[Board "1"]
[White "Hector, Jonny"]
[Black "Ochsner, Bjorn Moller"]
[Result "1-0"]
[WhiteTitle "GM"]
[BlackTitle "IM"]
[WhiteElo "2493"]
[BlackElo "2459"]
[WhiteTeam "Nordkalotten"]
[BlackTeam "Nordea Skanderborg"]
[WhiteFideId "1700090"]
[BlackFideId "1416928"]
[EventDate "2017.11.18"]

1. e4 c5 2. Nf3 d6 3. d4 cxd4 4. Nxd4 Nf6 5. Nc3 a6 6. Bg5 e6 7. f4 h6 8. Bh4
Qb6 9. Bxf6 gxf6 10. Qd2 Qxb2 11. Nb3 Qa3 12. Be2 h5 13. O-O Nd7 14. Kh1 h4 15.
h3 Be7 16. Nb1 Qb2 17. Qe3 Nc5 18. N1d2 Na4 19. Nc4 Qc3 20. Qc1 Qg3 21. Rf3 Qg6
22. f5 exf5 23. exf5 Bxf5 24. Qf4 Rg8 25. Rg1 Be6 26. Nxd6+ Kf8 27. Nd4 Nc5 28.
N6f5 Rc8 29. Qxh4 Qg5 30. Qe1 Bxf5 31. Nxf5 Ne6 32. Nxe7 Kxe7 33. Qb4+ Nc5 34.
Bd3 Qd5 35. Qf4 Qg5 36. Re3+ Ne6 37. Qb4+ Qc5 38. Qxb7+ Rc7 39. Qf3 Rg5 40. Rf1
Qd4 41. Re2 Ra5 42. Bf5 Qc3 43. Re3 Qd4 44. Bxe6 fxe6 45. Rfe1 e5 46. Rf1 Qh4
47. Re4 Qh6 48. Qb3 Rac5 49. c4 Qh7 50. Qd3 Ke6 51. Qe2 Qg6 52. Rg4 Qf7 53. Qd3
f5 54. Rg5 e4 55. Qg3 Kf6 56. Qh4 Ke5 57. Rh5 Kd4 58. Qf2+ Kxc4 59. Rc1+ Kb5 60.
a4+ Kb4 61. Qd4+ Kb3 62. Rb1+ Ka3 63. Qb4+ Ka2 64. Qb2# 1-0

[Event "56th TCh-DEN Ex 2017-18"]
[Site "Denmark DEN"]
[Date "2018.03.10"]
[Round "8.1"]
[Board "2"]
[White "Semcesen, Daniel"]
[Black "Brynell, Stellan"]
[Result "1/2-1/2"]
[WhiteTitle "GM"]
[BlackTitle "GM"]
[WhiteElo "2483"]
[BlackElo "2411"]
[WhiteTeam "Nordea Skanderborg"]
[BlackTeam "Nordkalotten"]
[WhiteFideId "1706993"]
[BlackFideId "1700219"]
[EventDate "2017.11.18"]

1. d4 Nf6 2. c4 e6 3. Nc3 Bb4 4. Qc2 O-O 5. a3 Bxc3+ 6. Qxc3 Ne4 7. Qc2 f5 8.
Nh3 Nc6 9. e3 d6 10. f3 Ng5 11. Nf2 e5 12. d5 Nb8 13. Be2 a5 14. b3 c6 15. O-O
cxd5 16. cxd5 Na6 17. Bd2 Bd7 18. Rfc1 Rc8 19. Qd1 Qb6 20. a4 Rxc1 21. Rxc1 Nc5
22. Bc4 Nf7 23. Qc2 Qc7 24. Qc3 b6 25. Nd3 Re8 26. Qb2 Qd8 27. Nf2 Qe7 28. Bc3
Rc8 29. Qe2 Qg5 30. Bb2 Qe7 31. Nd3 Re8 32. Qd2 Rc8 33. Nxc5 Rxc5 34. Ba3 Rc8
35. Ba6 Rxc1+ 36. Qxc1 Qd8 37. Qc4 Kf8 38. f4 exf4 39. exf4 Qf6 40. Bc1 Qa1 41.
h3 g5 42. Kh2 g4 43. Qc2 gxh3 44. gxh3 Qd4 45. Bc4 Nd8 46. Qe2 Nb7 47. Be3 Qe4
48. Bxb6 Qxf4+ 49. Kg2 Qg5+ 50. Kh2 Qf4+ 51. Kh1 Nc5 52. Bxa5 Ne4 53. Be1 Ng3+
54. Bxg3 Qxg3 55. Qg2 Qe1+ 56. Kh2 Qe5+ 57. Qg3 f4 58. Qf3 Bf5 59. Qf2 Be4 60.
a5 f3+ 61. Qg3 Qb2+ 62. Kg1 Qc1+ 63. Kh2 Qd2+ 64. Kg1 Qc1+ 65. Kh2 Qd2+ 66. Kg1
Qc1+ 1/2-1/2

[Event "56th TCh-DEN Ex 2017-18"]
[Site "Denmark DEN"]
[Date "2018.03.10"]
[Round "8.1"]
[Board "3"]
[White "Sylvan, Jacob"]
[Black "Pedersen, Nicolai Vesterbaek"]
[Result "1/2-1/2"]
[WhiteTitle "FM"]
[BlackTitle "IM"]
[WhiteElo "2360"]
[BlackElo "2392"]
[WhiteTeam "Nordkalotten"]
[BlackTeam "Nordea Skanderborg"]
[WhiteFideId "1402137"]
[BlackFideId "1402340"]
[EventDate "2017.11.18"]

1. e4 e5 2. Nf3 Nc6 3. Bb5 Nf6 4. O-O Nxe4 5. Re1 Nd6 6. Nxe5 Be7 7. Bf1 Nxe5 8.
Rxe5 O-O 9. d4 Bf6 10. Re1 Nf5 11. c3 d5 12. Na3 b6 13. Bd3 Be6 14. Nc2 c5 15.
Ne3 Nxe3 1/2-1/2

[Event "56th TCh-DEN Ex 2017-18"]
[Site "Denmark DEN"]
[Date "2018.03.10"]
[Round "8.1"]
[Board "4"]
[White "Bjerre, Jonas Buhl"]
[Black "Kristensen, Kaare Hove"]
[Result "1/2-1/2"]
[WhiteTitle "FM"]
[BlackTitle "FM"]
[WhiteElo "2354"]
[BlackElo "2318"]
[WhiteTeam "Nordea Skanderborg"]
[BlackTeam "Nordkalotten"]
[WhiteFideId "1444948"]
[BlackFideId "1400940"]
[EventDate "2017.11.18"]

1. e4 c5 2. Nf3 Nc6 3. d4 cxd4 4. Nxd4 e5 5. Nb5 a6 6. Nd6+ Bxd6 7. Qxd6 Qf6 8.
Qxf6 Nxf6 9. Nc3 Nb4 10. Bd3 h6 11. Be3 Nxd3+ 12. cxd3 d6 13. f3 Bd7 14. d4 Rc8
15. Kf2 Ke7 16. Rac1 Rc7 17. g4 Rhc8 18. h4 Ke8 19. g5 Ng8 20. gxh6 Nxh6 21.
Rhg1 Kf8 22. Rg2 Ng8 23. Rcg1 g6 24. h5 Be8 25. f4 Nf6 26. h6 Rxc3 27. bxc3
Nxe4+ 28. Ke1 Rxc3 29. Bd2 Rh3 30. fxe5 1/2-1/2

[Event "56th TCh-DEN Ex 2017-18"]
[Site "Denmark DEN"]
[Date "2018.03.10"]
[Round "8.1"]
[Board "5"]
[White "Hove, Esben Kjems"]
[Black "Hansen, Mads"]
[Result "0-1"]
[WhiteTitle "FM"]
[BlackTitle "IM"]
[WhiteElo "2325"]
[BlackElo "2387"]
[WhiteTeam "Nordkalotten"]
[BlackTeam "Nordea Skanderborg"]
[WhiteFideId "1401505"]
[BlackFideId "1401610"]
[EventDate "2017.11.18"]

1. d4 Nf6 2. Bf4 d5 3. e3 c5 4. c3 Nc6 5. Nd2 e6 6. Ngf3 Bd6 7. Bg3 O-O 8. Bd3
b6 9. Ne5 Bb7 10. f4 Ne7 11. Qb1 Qc8 12. Bh4 Re8 13. Bb5 Rd8 14. Bxf6 gxf6 15.
Ng4 Kg7 16. O-O Ba6 17. Bxa6 Qxa6 18. Rf3 Rab8 19. Nf1 h5 20. Nf2 h4 21. Rh3
cxd4 22. exd4 Bxf4 23. Rxh4 Ng6 24. Rh3 Rh8 25. Rxh8 Rxh8 26. Qd3 Qa4 27. g3 Bd6
28. b3 Qa3 29. Qd2 Rc8 30. Rc1 Qa6 31. a4 f5 32. Nd3 b5 33. axb5 Qxb5 34. Qc2
Qb6 35. Kh1 Ba3 36. Ra1 Be7 37. Ne3 Bg5 38. Nd1 Qxd4 39. cxd4 Rxc2 40. Rxa7 Rd2
41. N1f2 Be3 42. Kg2 Bxd4 43. Ra4 Be3 44. Ra1 Bxf2 45. Nxf2 Ne5 46. Kf1 Rb2 47.
Re1 Nf3 0-1

[Event "56th TCh-DEN Ex 2017-18"]
[Site "Denmark DEN"]
[Date "2018.03.10"]
[Round "8.1"]
[Board "6"]
[White "Andersen, Jackie"]
[Black "Jakobsen, Peter"]
[Result "1/2-1/2"]
[BlackTitle "FM"]
[WhiteElo "2388"]
[BlackElo "2182"]
[WhiteTeam "Nordea Skanderborg"]
[BlackTeam "Nordkalotten"]
[WhiteFideId "1402650"]
[BlackFideId "1401440"]
[EventDate "2017.11.18"]

1. d4 Nf6 2. Nf3 e6 3. Bf4 c5 4. e3 Be7 5. Nbd2 cxd4 6. exd4 b6 7. h3 Bb7 8. c3
O-O 9. Bd3 d6 10. Qe2 a6 11. O-O Nbd7 12. Rfe1 Re8 13. Bh2 Qc7 14. a4 Bf8 15.
Nc4 Bc6 16. b4 Bb7 17. Rac1 h6 18. Ne3 Qc6 19. Qd1 Rad8 20. c4 Qc8 21. Be2 Qa8
22. Ra1 Ne4 23. Qb3 a5 24. Reb1 Ba6 25. Bd3 Ndf6 26. bxa5 bxa5 27. Qb6 Rd7 28.
Qxa5 Ra7 29. Qe1 Rc8 30. a5 d5 31. Ne5 Nd7 32. cxd5 Bxd3 33. Nxd3 exd5 34. Rb3
Qc6 35. Nb4 Qb5 36. Nexd5 Nef6 37. Nxf6+ Nxf6 38. Rab1 Qxa5 39. Be5 Nd7 40. Qe4
Bxb4 41. Rxb4 Nxe5 42. dxe5 Re7 43. Rb8 Qd8 44. Rxc8 Qxc8 45. f4 Re8 46. Kh2 Qc5
47. Rb7 g6 48. Rd7 h5 49. Rd5 Qf2 50. Qd4 Qe1 51. Qd2 Qe4 52. Rd4 Qf5 53. Rd6
Qe4 54. Rf6 Qb7 55. Qd6 Qe7 56. Kg3 Kg7 57. Qxe7 Rxe7 58. Ra6 Rb7 59. Kh4 Rb2
60. g3 Rb3 61. Ra7 Re3 62. g4 hxg4 63. hxg4 Re1 64. Kg5 Re2 65. Re7 Re1 66. Re8
Re2 67. f5 gxf5 68. gxf5 Rxe5 69. Rxe5 f6+ 70. Kf4 fxe5+ 71. Kxe5 Kf7 72. f6 Kf8
73. Ke6 Ke8 74. f7+ Kf8 75. Kf6 1/2-1/2

[Event "56th TCh-DEN Ex 2017-18"]
[Site "Denmark DEN"]
[Date "2018.03.10"]
[Round "8.1"]
[Board "7"]
[White "Ejsing, Esben"]
[Black "Boe, Mads"]
[Result "1-0"]
[BlackTitle "FM"]
[WhiteElo "2161"]
[BlackElo "2297"]
[WhiteTeam "Nordkalotten"]
[BlackTeam "Nordea Skanderborg"]
[WhiteFideId "1418572"]
[BlackFideId "1401408"]
[EventDate "2017.11.18"]

1. Nf3 d5 2. g3 Nf6 3. Bg2 c6 4. O-O Bg4 5. c4 e6 6. d3 Nbd7 7. Nc3 Bc5 8. cxd5
exd5 9. Rb1 a5 10. a3 O-O 11. b4 axb4 12. axb4 Ba7 13. Qc2 Re8 14. Re1 Bh5 15.
Nd1 Nf8 16. Be3 Ne6 17. Bxa7 Rxa7 18. Qc3 Qb6 19. h3 Rea8 20. g4 Bg6 21. Nh4 Ra2
22. Nxg6 hxg6 23. Qe5 Re8 24. Qd6 Qd4 25. b5 Qf4 26. Qb4 Ra4 27. Qxf4 Nxf4 28.
bxc6 bxc6 29. Nc3 Ra3 30. Rbc1 Nxd3 31. exd3 Rxe1+ 32. Rxe1 Rxc3 33. Rd1 Nd7 34.
Kf1 Nc5 35. Ke2 g5 36. Ke3 Ne6 37. Bf1 g6 38. Be2 Rc2 39. Rh1 Kg7 40. h4 gxh4
41. f4 f6 42. Bd1 Rc1 43. Kd2 Ra1 44. f5 gxf5 45. gxf5 Nd4 46. Rf1 h3 47. Kc3 c5
48. Kb2 Ra8 49. Rg1+ Kf7 50. Bh5+ Ke7 51. Rg7+ Kd6 52. Rh7 Rb8+ 53. Kc3 Rb3+ 54.
Kd2 Rb2+ 55. Ke3 Nxf5+ 56. Kf3 h2 57. Bg4 Nd4+ 58. Kf4 f5 59. Rh6+ Kc7 60. Bd1
Rb1 1-0